000
00326nam a2200133Ia 4500
005
20251222141921.0
008
251222s9999||||xx |||||||||||||| ||spa||
020
_a
84-7490-541-9
082
_a
234.991/G51
100
_a
Giussani, Luigi
245
0
_a
Crear Huellas en la Historia del Mundo
264
_b
Encuentro
942
_c
LIB
999
_c
8730
_d
8730